[Event "Gornozavodsk op"]
[Site "Gornozavodsk"]
[Date "2010.11.04"]
[Round "5"]
[White "Chazov, Alexander"]
[Black "Rozhnev, Ivan"]
[Result "1-0"]
[WhiteElo "2131"]
[BlackElo "2087"]
[PlyCount "71"]
[EventDate "2010.11.01"]
[EventType "swiss"]
[EventRounds "10"]
[EventCountry "RUS"]
[SourceTitle "EXT 2012"]
[Source "ChessBase"]
[SourceDate "2011.11.24"]
[SourceVersion "1"]
[SourceVersionDate "2011.11.24"]
[SourceQuality "1"]

1. Nf3 d5 2. d4 Bg4 3. g3 Nd7 4. Bg2 e6 5. 0-0 Bd6 6. Nbd2 Ngf6 7. c4 c6 8. b3 Qe7 9. Bb2 h5 10. Ne5 Bf5 11. Re1 Bxe5 12. dxe5 Ng4 13. e4 dxe4 14. Nxe4 0-0-0 15. Nd6+ Kb8 16. Nxf5 exf5 17. Qd6+ Qxd6 18. exd6 f6 19. f4 Nc5 20. Ba3 Nd7 21. c5 Rde8 22. Rac1 Re3 23. Rxe3 Nxe3 24. Bf3 g6 25. Kf2 Nd5 26. Bxd5 cxd5 27. c6 bxc6 28. Rxc6 Nb6 29. Bc5 Kb7 30. Rc7+ Kb8 31. Bxb6 axb6 32. Rf7 Rd8 33. Rxf6 Rg8 34. Ke3 Re8+ 35. Kd4 Rg8 36. Kxd5 1-0

[Event "Gornozavodsk Europe-Asia op"]
[Site "Gornozavodsk"]
[Date "2009.11.10"]
[Round "?"]
[White "Goretov, Andrey Borisovich"]
[Black "Rozhnev, Ivan"]
[Result "1-0"]
[WhiteElo "2036"]
[BlackElo "2117"]
[PlyCount "119"]
[EventDate "2009.11.07"]
[EventType "swiss"]
[EventRounds "11"]
[EventCountry "RUS"]
[SourceTitle "EXT 2012"]
[Source "ChessBase"]
[SourceDate "2011.11.24"]
[SourceVersion "1"]
[SourceVersionDate "2011.11.24"]
[SourceQuality "1"]

1. e4 c5 2. Nf3 e6 3. c4 Nc6 4. Nc3 Qc7 5. g3 a6 6. Bg2 Rb8 7. a4 Nf6 8. 0-0 b6 9. d3 Be7 10. h3 Bb7 11. e5 Ng8 12. Re1 Na5 13. Ne4 Bc6 14. Bg5 Bf8 15. Nd6+ Bxd6 16. exd6 Qb7 17. Rb1 Nb3 18. Qxb3 Bxf3 19. Bxf3 Qxf3 20. a5 Qc6 21. Be3 Nf6 22. axb6 0-0 23. Qa3 Qxb6 24. Bxc5 Qb3 25. Bd4 Rfc8 26. Ra1 Rc6 27. c5 Qd5 28. Qc3 Qf5 29. Re5 Qxh3 30. Qa5 Rbc8 31. b4 Ne8 32. b5 axb5 33. Qxb5 Nxd6 34. Qb2 f6 35. Ree1 Nf7 36. Qe2 e5 37. Be3 f5 38. Ra7 f4 39. Bxf4 Nh6 40. Bxh6 Rxh6 41. Qe4 Rf8 42. Qg2 Qf5 43. Qd5+ Kh8 44. Ra2 Qh3 45. Qg2 Qh5 46. Ra8 Rhf6 47. Rxf8+ Rxf8 48. Qe4 h6 49. Qxe5 Qf3 50. Qe3 Qf5 51. f4 Qd5 52. Kf2 Qh5 53. d4 Rb8 54. Re2 Qh2+ 55. Kf3 Qh1+ 56. Kg4 h5+ 57. Kg5 Qd5+ 58. Qe5 Qf3 59. Qxb8+ Kh7 60. Qb1+ 1-0

[Event "Gornozavodsk Europe-Asia op"]
[Site "Gornozavodsk"]
[Date "2009.11.10"]
[Round "?"]
[White "Rozhnev, Ivan"]
[Black "Ivanov, Nikolay A"]
[Result "0-1"]
[WhiteElo "2117"]
[BlackElo "1942"]
[PlyCount "74"]
[EventDate "2009.11.07"]
[EventType "swiss"]
[EventRounds "11"]
[EventCountry "RUS"]
[SourceTitle "EXT 2012"]
[Source "ChessBase"]
[SourceDate "2011.11.24"]
[SourceVersion "1"]
[SourceVersionDate "2011.11.24"]
[SourceQuality "1"]

1. e4 c5 2. Nf3 e6 3. d4 cxd4 4. Nxd4 Nf6 5. Nc3 Nc6 6. Nxc6 bxc6 7. e5 Nd5 8. Ne4 Qc7 9. f4 Qb6 10. Bd3 Ba6 11. c3 Ne3 12. Qd2 Nxg2+ 13. Kd1 Ne3+ 14. Qxe3 Qxe3 15. Bxe3 Bxd3 16. Nf2 Bg6 17. Kc1 d5 18. exd6 Bxd6 19. Rd1 Ke7 20. a4 a5 21. h4 Rab8 22. Rd2 Rhd8 23. h5 Bf5 24. Nh1 e5 25. Re2 Kd7 26. Ba7 exf4 27. Bxb8 Rxb8 28. Rd2 g5 29. hxg6 fxg6 30. Kd1 g5 31. Ke1 g4 32. Rad1 Re8+ 33. Kf1 Re6 34. b4 axb4 35. cxb4 Kc7 36. Rd4 Bc2 37. R1d2 Bxa4 0-1

[Event "Gornozavodsk Europe-Asia op"]
[Site "Gornozavodsk"]
[Date "2009.11.09"]
[Round "?"]
[White "Rozhnev, Ivan"]
[Black "Filipenko, Alexander V"]
[Result "0-1"]
[WhiteElo "2117"]
[BlackElo "2362"]
[PlyCount "64"]
[EventDate "2009.11.07"]
[EventType "swiss"]
[EventRounds "11"]
[EventCountry "RUS"]
[SourceTitle "EXT 2012"]
[Source "ChessBase"]
[SourceDate "2011.11.24"]
[SourceVersion "1"]
[SourceVersionDate "2011.11.24"]
[SourceQuality "1"]

1. e4 c5 2. Nf3 d6 3. d4 cxd4 4. Nxd4 Nf6 5. Nc3 Nc6 6. Be2 e5 7. Nf3 h6 8. 0-0 Be7 9. Re1 0-0 10. Bf1 Bg4 11. Be3 Rc8 12. Kh1 a6 13. a3 Na5 14. Nd5 Nxd5 15. Qxd5 Be6 16. Qd2 Nc4 17. Bxc4 Rxc4 18. Qd3 Qc8 19. Rac1 f5 20. exf5 Bxf5 21. Qd2 Be4 22. Bxh6 Bc6 23. Qd3 Rg4 24. Bd2 Rxg2 25. Qc4+ Kh8 26. Re4 Rg4 27. Rce1 d5 28. Qf1 dxe4 29. Nxe5 e3+ 30. f3 exd2 31. Re3 Rg5 32. Nxc6 Qxc6 0-1

[Event "Gornozavodsk Europe-Asia op"]
[Site "Gornozavodsk"]
[Date "2009.11.07"]
[Round "?"]
[White "Smirnov, Alexey1111"]
[Black "Rozhnev, Ivan"]
[Result "1/2-1/2"]
[WhiteElo "2422"]
[BlackElo "2117"]
[PlyCount "116"]
[EventDate "2009.11.07"]
[EventType "swiss"]
[EventRounds "11"]
[EventCountry "RUS"]
[SourceTitle "EXT 2012"]
[Source "ChessBase"]
[SourceDate "2011.11.24"]
[SourceVersion "1"]
[SourceVersionDate "2011.11.24"]
[SourceQuality "1"]

1. e4 c5 2. Nf3 e6 3. d4 cxd4 4. Nxd4 Nc6 5. Nc3 Qc7 6. Be2 a6 7. 0-0 Nf6 8. Be3 h5 9. f4 Nxd4 10. Qxd4 b5 11. h3 Bb7 12. e5 Nd5 13. Nxd5 Bxd5 14. c3 Rc8 15. Rf2 g6 16. a4 Bc5 17. Qxc5 Qxc5 18. Bxc5 Rxc5 19. axb5 axb5 20. Ra5 Bc6 21. c4 Ke7 22. b4 Rxc4 23. Bxc4 bxc4 24. Rc5 Bd5 25. Ra2 Rb8 26. b5 Rb7 27. Ra6 Be4 28. Rxc4 Bd3 29. Rb4 Rxb5 30. Rxb5 Bxb5 31. Ra2 Bc6 32. Kf2 h4 33. Rb2 Kf8 34. Ke3 Kg7 35. Kf2 Kh7 36. Rb4 Kg7 37. Rd4 Kg8 38. f5 exf5 39. Rxh4 Bd5 40. Rd4 Be6 41. h4 Kg7 42. Ke3 Kf8 43. Kf4 Ke7 44. Kg5 Bb3 45. h5 gxh5 46. Kxf5 Be6+ 47. Kg5 Bg4 48. Rd6 Be2 49. Rf6 Bd1 50. g3 Be2 51. Kh6 Kf8 52. Rb6 Bg4 53. Rb8+ Ke7 54. Kg7 Bf5 55. Rb6 Be6 56. Rd6 Bf5 57. Rf6 Be6 58. Rf4 Bg4 1/2-1/2

[Event "Gornozavodsk op"]
[Site "Gornozavodsk"]
[Date "2007.11.??"]
[Round "1"]
[White "Rozhnev, Ivan"]
[Black "Smirnov, Alexey1111"]
[Result "0-1"]
[WhiteElo "2131"]
[BlackElo "2404"]
[PlyCount "114"]
[EventDate "2007.11.??"]
[EventType "swiss"]
[EventRounds "11"]
[EventCountry "RUS"]
[SourceTitle "CBM 121 Extra"]
[Source "ChessBase"]
[SourceDate "2008.01.10"]
[SourceVersion "1"]
[SourceVersionDate "2008.01.10"]
[SourceQuality "1"]

1. e4 e5 2. Nf3 d6 3. d4 exd4 4. Nxd4 Bd7 5. Be2 Be7 6. Nc3 Nf6 7. 0-0 0-0 8. h3 c5 9. Nf5 Bxf5 10. exf5 Nc6 11. Nd5 Nd4 12. Nxe7+ Qxe7 13. Bd3 Qd7 14. Bg5 Kh8 15. c3 Nc6 16. Bxf6 gxf6 17. Be4 Rae8 18. Qf3 Ne5 19. Qf4 Rg8 20. Rad1 Rg5 21. Kh1 Reg8 22. h4 Rh5 23. Bf3 Nxf3 24. Qxf3 Rxh4+ 25. Kg1 Rg5 26. g3 Rxf5 27. Qg2 Ra4 28. a3 Ra6 29. Rd5 Rxd5 30. Qxd5 Rc6 31. Rd1 Qe6 32. c4 Qxd5 33. Rxd5 Kg7 34. f4 Rb6 35. Rd2 Kg6 36. g4 h5 37. gxh5+ Kxh5 38. Kf2 Kg4 39. Ke3 Kf5 40. Rd5+ Ke6 41. f5+ Ke7 42. Rd2 Rb3+ 43. Ke4 a6 44. Kd5 Rf3 45. Ke4 Rb3 46. Rh2 b5 47. cxb5 axb5 48. Rc2 c4 49. Rd2 Kd7 50. Kd4 Kc6 51. Re2 Rd3+ 52. Ke4 d5+ 53. Kf4 d4 54. Re7 c3 55. bxc3 dxc3 56. Rxf7 c2 57. Rxf6+ Kd5 0-1